Practical essays on agriculture (Record no. 113542)

MARC details
000 -LEADER
fixed length control field 01048cam a22001815a 4500
001 - CONTROL NUMBER
control field L155399
008 - FIXED-LENGTH DATA ELEMENTS--GENERAL INFORMATION
fixed length control field 120321s1789 xxk f 000 0 eng d
035 ## - SYSTEM CONTROL NUMBER
System control number (Sirsi) u155399
041 0# - LANGUAGE CODE
Language code of text/sound track or separate title eng
100 1# - MAIN ENTRY--PERSONAL NAME
Personal name Adam, James
Dates associated with a name fl. 1789-1810
245 00 - TITLE STATEMENT
Title Practical essays on agriculture
Remainder of title Containing An Account of Soils, and the Manner of correction them. An Account of the Culture of all Field Plants, including the Artificial Grasses, according to the Old and New Modes of Husbandry, with every Improvement down to the present Period. Also, An Account of the Culture and Management of Grass-Lands; together with Observations on Enclosures, Fences, Farms, and Farm-Houses, &c. Carefully collected and digested from the most eminent authors, with experimental remarks, by James Adam, Esq. ...
260 ## - PUBLICATION, DISTRIBUTION, ETC.
Place of publication, distribution, etc. London
Name of publisher, distributor, etc. printed for T. Cadell, in the Strand
Date of publication, distribution, etc. M.DCC.LXXXIX. [1789]
300 ## - PHYSICAL DESCRIPTION
Extent 2v., plates
Other physical details tables
Dimensions 8o
583 ## - ACTION NOTE
Action Condition reviewed
Time/date of action 20120620
Status condition level 2
651 #4 - SUBJECT ADDED ENTRY--GEOGRAPHIC NAME
Geographic name Great Britain
Chronological subdivision 1707-
690 ## - LOCAL SUBJECT ADDED ENTRY--TOPICAL TERM (OCLC, RLIN)
Topical term or geographic name as entry element Rural
9 (RLIN) 6268
942 ## - ADDED ENTRY ELEMENTS (KOHA)
Suppress in OPAC 0
Holdings
Withdrawn status Lost status Damaged status Not for loan Home library Current library Shelving location Date acquired Total Checkouts Full call number Barcode Date last seen Copy number Price effective from Koha item type
        Historic collection Historic collection Historic collection 21/03/2012   AGRICULTURE OCTAVO 1789 ADAM VOL. 1 30077547 20/08/2025 1 06/08/2019 Book
        Historic collection Historic collection Historic collection 30/01/2013   AGRICULTURE OCTAVO 1789 ADAM VOL. 2 30078100 20/08/2025 1 06/08/2019 Book